000 00280nam a22001337a 4500
020 _a962-258-318-0
082 _a001
_bREA/W
100 _aREADER'S DIGEST
245 _aWORLD ATLAS
260 _aLONDON
_bREADER'S DIGEST
300 _a400
650 _a ATLAS
_zLONDON
942 _cBK
999 _c1924
_d1924